000 01179nam a2200325 i 4500
001 000045821
003 DO-SdBNP
005 20250728101039.0
007 ta
008 241018s1996 dr 000 0 spa d
040 _aDO-SdBNP
_bspa
_cBNPHU
_erda
041 _hspa
082 4 _axxx
_bU58
_222
110 1 _aUniversidad Autónoma de Santo Domingo
_972951
245 1 0 _aLibro de graduandos :
_binvestidura ordinaria 28 de octubre de 1996
264 1 _aSanto Domingo :
_bUniversitaria-UASD,
_c1996.
300 _a47 páginas ;
_c21 cm.
336 _atexto
_btxt
_2rdacontent
337 _asinmediación
_bn
_2rdamedia
338 _avolumen
_bnc
_2rdacarrier
490 1 _aPublicaciones de la Universidad Autónoma de Santo Domingo
_v788
490 1 _aActos académicos
_v50
500 _aInvestidura ordinaria del 28 de octubre de 1996 celebrada en la sede central, Santo Domingo
590 _aInventariado, 2024 / DG
650 4 _aTítulos académicos
_981657
650 4 _aUniversidad Autónoma de Santo Domingo
_981917
830 0 _aPublicaciones de la Universidad Autónoma de Santo Domingo.
_n788
_973896
_pActos académicos.
_n50
910 _aDG
942 _2ddc
_cLF2
999 _c57904
_d57904